Stolice - łatwe - Statystyki

Ogólne statystyki
  • Ten quiz został rozwiązany 28 razy
  • Średni wynik to 14 z 16
Statystyki odpowiedzi
Hint Odpowiedź % Poprawnych
Hiszpania Madryt
100%
Francja Paryż
100%
Niemcy Berlin
96%
Portugalia Lizbona
96%
Włochy Rzym
96%
Polska Warszawa
96%
Japonia Tokio
93%
Wielka Brytania Londyn
93%
Rosja Moskwa
93%
Grecja Ateny
89%
Chiny Pekin
86%
USA Waszyngton
86%
Irlandia Dublin
82%
Szwecja Sztokholm
82%
Kanada Ottawa
71%
Australia Canberra
68%
Nie znaleziono quizów pasujących do podanych kryteriów
Rozkład punktacji
Procent ludzi z każdym wynikiem
Percentyl według liczby udzielonych odpowiedzi
Twoja historia wyników
Nie rozwiązałeś tego quizu